|
|
|
|
| LEADER |
01831nam a2200493 a 4500 |
| 001 |
000295326 |
| 003 |
CZ BrMZK |
| 005 |
20211207055037.0 |
| 007 |
ta |
| 008 |
980115s1997 xr af f 000 0 cze d |
| 015 |
|
|
|a cnb000354958
|
| 020 |
|
|
|a 80-85321-19-X
|
| 035 |
|
|
|a (OCoLC)40092220
|
| 040 |
|
|
|a BOA001
|b cze
|
| 041 |
0 |
|
|a cze
|b ger
|
| 043 |
|
|
|a e-xr---
|b e-xr-us
|2 czenas
|
| 072 |
|
7 |
|a 902
|x Archeologie
|2 Konspekt
|9 8
|
| 080 |
|
|
|a 902.2
|2 MRF
|
| 080 |
|
|
|a 903.2
|2 MRF
|
| 080 |
|
|
|a 903.4
|2 MRF
|
| 080 |
|
|
|a 903"6383/6385"
|2 MRF
|
| 080 |
|
|
|a 903"6387"
|2 MRF
|
| 080 |
|
|
|a (437.315)
|2 MRF
|
| 080 |
|
|
|a (048.8)
|2 MRF
|
| 100 |
1 |
|
|a Budinský, Petr,
|d 1938-
|7 jk01020160
|4 aut
|
| 245 |
1 |
0 |
|a Výzkum prakeltské osady u Hostomic (okres Teplice) v letech 1970 - 1977.
|n 1,
|p Archeologické prameny /
|c Peter Budinský
|
| 246 |
3 |
0 |
|a Archeologické prameny
|
| 260 |
|
|
|a Teplice :
|b Regionální muzeum,
|c 1997
|
| 300 |
|
|
|a 112 s., [59] s. obrazových příloh :
|b il. ;
|c 30 cm
|
| 490 |
1 |
|
|a Archeologický výzkum v severních Čechách ;
|v sv. 28
|
| 504 |
|
|
|a Obsahuje bibliografii
|
| 546 |
|
|
|a Německé resumé
|
| 650 |
0 |
7 |
|a archeologické výzkumy
|7 ph118577
|z Česko
|2 czenas
|
| 650 |
0 |
7 |
|a archeologické nálezy
|7 ph137683
|z Česko
|2 czenas
|
| 650 |
0 |
7 |
|a sídliště (archeologie)
|7 ph137685
|z Česko
|2 czenas
|
| 650 |
0 |
7 |
|a sídliště (archeologie)
|7 ph137685
|z Česko
|2 czenas
|
| 650 |
0 |
7 |
|a doba halštatská
|7 ph162015
|z Česko
|2 czenas
|
| 650 |
0 |
7 |
|a doba laténská
|7 ph162016
|z Česko
|2 czenas
|
| 651 |
|
7 |
|a Hostomice (Teplice, Česko)
|7 ge129321
|2 czenas
|
| 655 |
|
7 |
|a studie
|7 fd133597
|2 czenas
|
| 830 |
|
0 |
|a Archeologický výzkum v severních Čechách
|0 s
|
| 910 |
|
|
|a BOA001
|b 4-1043.118,1
|
| 990 |
|
|
|a BK
|
| 996 |
7 |
|
|b 2610067756
|c 4-1043.118,1
|l MZK
|r Sklad / do 1 hodiny
|n 6
|p p.v.
|w 000295326
|u 000010
|a 1
|e BOA001
|j MZK50
|s A
|